00674cam a22002291 4500001001300000003000400013005001700017008004100034010001700075015001400092025001800106035001800124040003100142042001200173050001800185100003200203245006600235260006300301300003200364651003100396999001700427sa 64000940 DLC20260227111959.0720125s1963 pk a 000 0 eng  asa 64000940  aGB64-5743 aPL480:P-E-348 a(OCoLC)228199 aDLCcODaWUdOCoLCdUkdDLC apremarc00aHC440.5b.H251 aHaq, Mahbub ul,d1934-1998.14aThe strategy of economic planning,ba case study of Pakistan. aKarachi,bPakistan Branch, Oxford University Press,c1963. axi, 266 p.btables.c23 cm. 0aPakistanxEconomic policy. c56498d56498